Detalles MARC
| 000 -CABECERA |
| campo de control de longitud fija |
01103nam a2200205 a 4500 |
| 001 - NÚMERO DE CONTROL |
| campo de control |
000046252 |
| 005 - FECHA Y HORA DE LA ÚLTIMA TRANSACCIÓN |
| campo de control |
20201002052735.0 |
| 008 - DATOS DE LONGITUD FIJA--INFORMACIÓN GENERAL |
| campo de control de longitud fija |
150710s2002 xxu 001 0 spa d |
| 020 ## - NÚMERO INTERNACIONAL ESTÁNDAR DEL LIBRO |
| Número Internacional Estándar del Libro |
0773470239 |
| 040 ## - FUENTE DE LA CATALOGACIÓN |
| Centro catalogador/agencia de origen |
DO-SdBNP |
| Lengua de catalogación |
spa |
| Centro/agencia transcriptor |
BNPHU |
| 100 1# - ENTRADA PRINCIPAL--NOMBRE DE PERSONA |
| Nombre de persona |
Gimbernat González, Ester |
| 9 (RLIN) |
74274 |
| 245 13 - MENCIÓN DE TÍTULO |
| Título |
La poesía de mujeres dominicanas a fines del siglo XX. / |
| Mención de responsabilidad, etc. |
Ester Gimbernat González. |
| 260 ## - PUBLICACIÓN, DISTRIBUCIÓN, ETC. |
| Lugar de publicación, distribución, etc. |
Lewiston, New York, Estados Unidos : |
| Nombre del editor, distribuidor, etc. |
The Edwin Mellen press, |
| Fecha de publicación, distribución, etc. |
2002. |
| 300 ## - DESCRIPCIÓN FÍSICA |
| Extensión |
v. ; |
| Dimensiones |
24 cm. |
| 504 ## - NOTA DE BIBLIOGRAFÍA, ETC. |
| Nota de bibliografía, etc. |
Bibliografía p: 209-220 |
| 590 ## - NOTA LOCAL (RLIN) |
| Nota local |
Perteneció a la biblioteca personal de Chiqui Vicioso/Fidelio Despradel |
| 500 ## - NOTA GENERAL |
| Nota general |
Incluye índice |
| 500 ## - NOTA GENERAL |
| Nota general |
La biblioteca solamente posee el volumen 74 |
| 505 0# - NOTA DE CONTENIDO CON FORMATO |
| Título |
Prologue -- |
| -- |
Prólogo -- |
| -- |
Introducción -- |
| Información miscelánea |
capitulo 1 -- |
| Título |
De artes poéticas -- |
| Información miscelánea |
capitulo 2 -- |
| Título |
Re-locaciones de la voz poética -- |
| Información miscelánea |
capitulo 3 -- |
| Título |
Estrategias del itinerario -- |
| Información miscelánea |
capitulo 4 -- |
| Título |
Poética del cuerpo en versiones de mujer -- |
| Información miscelánea |
capitulo 5 -- |
| Título |
Corografías del cuerpo -- |
| Información miscelánea |
capitulo 6 -- |
| Título |
El vértigo de la lucidez -- |
| -- |
Notas -- |
| -- |
Anejo -- |
| -- |
Bibliografía -- |
| -- |
Index -- |